| 000 | 00513nam a2200169Ia 4500 | ||
|---|---|---|---|
| 003 | IN-BaIIA | ||
| 008 | 211028s9999 xx 000 0 eng d | ||
| 020 | _a0-521-43973-6 | ||
| 040 | _cIIA Library | ||
| 080 |
_a530.1 _bWIL |
||
| 100 |
_aWill, Clifford M _912642 |
||
| 245 | 0 |
_aTheory and experiment in gravitational physics _cClifford M. Will |
|
| 260 |
_aCambridge _bCambridge University Press _c1993 |
||
| 300 | _axvi, 380p. | ||
| 650 | _aGravitation | ||
| 942 | _cBK | ||
| 999 |
_c11395 _d11395 |
||